[Event "Mecklenburg-Vorpommern 2-Niedersachsen"]
[Site "Templin"]
[Date "2017.09.30"]
[Round "6.1"]
[White "Schrüfer, Günther, Dr."]
[Black "Krüger, Horst"]
[Result "1-0"]
[BlackElo "2036"]
[BlackTeam "Mecklenburg-Vorpommern 2"]
[Board "1"]
[WhiteElo "2205"]
[WhiteTeam "Niedersachsen"]

1. e4 c5 2. Nf3 d6 3. d4 cxd4  4. Nxd4 Nf6 5. Nc3 g6 6. Bc4 Bg7 7. Bb3 O-O
 8. f3 Nc6 9. Be3 Bd7 10. Qd2 Rc8 11. O-O-O Ne5 12. Kb1 Nc4 13. Bxc4 Rxc4
14. g4 b5 15. g5 Nh5 16. Nde2 Be6 17. Bd4 Bxd4 18. Nxd4 b4 19. Nd5 Bxd5 20.
exd5 Qc7 21. Rhe1 Ng7 22. Qe2 Rc5 23. Nc6 e5 24. Nxb4 Nf5 25. Na6 Qb6 26. Nxc5
Qxc5 27. c3 Rb8 28. Qd3 a5 29. Re4 Qf2 30. Qe2 Qb6 31. Rc1 Rc8 32. Qd2 Rc5 33.
f4 exf4 34. Rxf4 Qb7 35. c4 a4 36. Re1 Qd7 37. Rfe4 Rc8 38. Qc3 Ng7 39. a3 Rb8
40. Qf6 Qh3 41. Qf2 Kf8 42. Qg3 Qd7 43. c5 Nf5 44. Qc3 Kg8 45. c6  1-0

[Event "Mecklenburg-Vorpommern 2-Niedersachsen"]
[Site "Templin"]
[Date "2017.09.30"]
[Round "6.2"]
[White "Wiemer, Jürgen"]
[Black "Nimtz, Manfred, Dr."]
[Result "1/2-1/2"]
[BlackElo "2184"]
[BlackTeam "Niedersachsen"]
[Board "2"]
[WhiteElo "2028"]
[WhiteTeam "Mecklenburg-Vorpommern 2"]

1. e4 c5 2. c3 d6 3. d4 Nf6 4. Bd3 e5 5. d5 g6 6. Bg5 Nbd7 7. Nd2 Bg7 8. Nc4 Qc7
9. Ne2 b5 10. Ne3 c4 11. Bc2 Nc5 12. f3 O-O  13. b4 cxb3 14. axb3 Bd7 15.
O-O  a5 16. Bh4 Rfc8 17. Bf2 a4 18. b4 Na6 19. g4 Bh6 20. h4 Bf4 21. Rb1
Be8 22. Ng2 Nd7 23. Bd3 Rab8 24. Ngxf4 exf4 25. Kg2 Ne5 26. Bd4 Qe7 27. Nxf4
Qxh4 28. Bxe5 dxe5 29. Ne2 Bd7 30. Qd2 h6 31. Rh1 Qg5 32. Rbd1 Kg7 33. Kf2 Qxd2
34. Rxd2 Nc7 35. Kg3 Ne8 36. f4 f6 37. f5 g5 38. Kf3 Nd6 39. Rc2 Rh8 40. Ng3
Be8 41. Ke3 Bf7 42. Be2 Rb7 43. Nf1 Rc8 44. Nd2 Rbc7 45. Rhc1 Be8 46. Nb1 Rb8
47. Nd2 Rbc8 48. Nb1 Rb8 49. Na3 Bd7 50. Rh1 Rbc8 51. Rhc1 Be8  1/2-1/2

[Event "Mecklenburg-Vorpommern 2-Niedersachsen"]
[Site "Templin"]
[Date "2017.09.30"]
[Round "6.3"]
[White "Clemens, Christian, Dr."]
[Black "Nauschütz, Ernst"]
[Result "1-0"]
[BlackElo "1966"]
[BlackTeam "Mecklenburg-Vorpommern 2"]
[Board "3"]
[WhiteElo "2232"]
[WhiteTeam "Niedersachsen"]

1. g3 e5 2. c4 c5 3. Bg2 Nc6 4. Nc3 g6 5. e3 Bg7 6. Nge2 Nge7 7. O-O  O-O
 8. d3 d6 9. h3 Be6 10. Nd5 Rb8 11. Nec3 f5 12. Rb1 Bf7 13. a3  Nxd5
14. Nxd5 Ne7 15. b4 Nxd5 16. cxd5 b6 17. f4 Qd7 18. Bb2 cxb4 19. axb4 exf4 20.
Bxg7 Kxg7 21. gxf4 Rbc8 22. e4 Rfe8 23. Qb3 Qe7 24. Rbe1 Qf6 25. Kh1 Qd4 26.
Qa3 Re7 27. exf5 Rce8 28. Rxe7 Rxe7 29. fxg6 Kxg6 30. Be4+ Kf6 31. Qa2 Bg6 32.
f5 Be8 33. Qd2 Rf7 34. Qh6+ Ke7 35. Qe6+ Kf8 36. Qxd6+ Kg7 37. Rg1+ Kh8 38. Qe6
Rf8 39. f6 Bg6 40. Rf1 Bxe4+ 41. dxe4 Qd3 42. Qf5 a5 43. bxa5 bxa5 44. Qf3 Qd4 
1-0

[Event "Sachsen-Anhalt-Schleswig-Holstein 1"]
[Site "Templin"]
[Date "2017.09.30"]
[Round "6.1"]
[White "Salov, Sergej"]
[Black "Liebert, Heinz"]
[Result "1/2-1/2"]
[WhiteElo "2215"]
[BlackElo "2188"]
[PlyCount "27"]
[EventDate "2017.??.??"]
[WhiteTeam "Schleswig-Holstein 1"]
[BlackTeam "Sachsen-Anhalt"]

1. e4 Nf6 2. e5 Nd5 3. d4 d6 4. c4 Nb6 5. exd6 exd6 6. Nc3 Be7 7. h3 Nc6 8. Nf3
O-O 9. b3 Bf6 10. Be3 Bf5 11. Be2 d5 12. c5 Nc8 13. Rc1 Be4 14. O-O 1/2-1/2

[Event "Sachsen-Anhalt-Schleswig-Holstein 1"]
[Site "Templin"]
[Date "2017.09.30"]
[Round "6.2"]
[White "Schultheis, Heinz"]
[Black "Gruzmann, Boris"]
[Result "0-1"]
[WhiteElo "2087"]
[BlackElo "2210"]
[PlyCount "70"]
[EventDate "2017.??.??"]
[WhiteTeam "Sachsen-Anhalt"]
[BlackTeam "Schleswig-Holstein 1"]

1. d4 Nf6 2. c4 d6 3. Nc3 Bf5 4. Qb3 Nc6 5. Nf3 e5 6. d5 Na5 7. Qa4+ c6 8. e4
Bd7 9. b4 Nxc4 10. Bxc4 b5 11. Nxb5 cxb5 12. Bxb5 Nxe4 13. Be3 Nc3 14. Bxd7+
Qxd7 15. Qb3 Ne4 16. O-O Be7 17. Rfe1 f5 18. Rac1 O-O 19. Nxe5 dxe5 20. d6+ Rf7
21. dxe7 Qxe7 22. f3 Nf6 23. Rc5 Qd6 24. Rd1 Qe7 25. Rdc1 Kh8 26. Rc6 e4 27.
fxe4 fxe4 28. Bc5 Qd7 29. b5 h6 30. Rd1 Qg4 31. Rf1 Rd7 32. h3 Qe2 33. Bd6 Rad8
34. Qg3 Qxb5 35. Rc7 Qb6+ 0-1

[Event "Sachsen-Anhalt-Schleswig-Holstein 1"]
[Site "Templin"]
[Date "2017.09.30"]
[Round "6.3"]
[White "Stark, Hans-Werner"]
[Black "Werchan, Hans"]
[Result "1-0"]
[WhiteElo "2103"]
[BlackElo "2085"]
[PlyCount "63"]
[EventDate "2017.??.??"]
[WhiteTeam "Schleswig-Holstein 1"]
[BlackTeam "Sachsen-Anhalt"]

1. e4 c5 2. Nf3 d6 3. d4 cxd4 4. Nxd4 Nf6 5. Nc3 a6 6. Bg5 e6 7. f4 Nbd7 8. Qf3
Qc7 9. O-O-O b5 10. Bxf6 gxf6 11. f5 Ne5 12. Qh5 Ke7 13. fxe6 Bxe6 14. Nf5+ Kd8
15. Qh4 Nd7 16. Nd5 Qa5 17. a3 Rc8 18. Qg3 Bxf5 19. exf5 h5 20. Kb1 Qa4 21. Qf2
Rc6 22. Nb4 Rc7 23. Ka2 Qa5 24. Qd2 Kc8 25. Qd5 Ne5 26. Qa8+ Kd7 27. Nxa6 Qb6
28. Nxc7 Kxc7 29. Qd5 b4 30. a4 Be7 31. Bb5 Rg8 32. Rhe1 1-0

[Event "Sachsen-Anhalt-Schleswig-Holstein 1"]
[Site "Templin"]
[Date "2017.09.30"]
[Round "6.4"]
[White "Liebscher, Helmar"]
[Black "Neumann, Joachim"]
[Result "1-0"]
[WhiteElo "2089"]
[BlackElo "2093"]
[PlyCount "64"]
[EventDate "2017.??.??"]
[WhiteTeam "Sachsen-Anhalt"]
[BlackTeam "Schleswig-Holstein 1"]

1. e4 c5 2. Nf3 Nc6 3. d4 cxd4 4. Nxd4 Nf6 5. Nc3 e5 6. Ndb5 d6 7. Bg5 a6 8.
Bxf6 gxf6 9. Na3 b5 10. Nd5 Bg7 11. g3 Ne7 12. Bg2 Bb7 13. Nxe7 Qxe7 14. O-O
O-O 15. c4 f5 16. exf5 Bxg2 17. Kxg2 e4 18. Rb1 Rfd8 19. Qd5 b4 20. Nc2 Rac8
21. Rfe1 Rc5 22. Qxe4 Qxe4+ 23. Rxe4 d5 24. Rg4 Kf8 25. Rd1 Bxb2 26. Nxb4 d4
27. Nd3 Ba3 28. Nxc5 Bxc5 29. f6 d3 30. Rg5 Bb4 31. Rd5 Rxd5 32. cxd5 d2 1-0

[Event "Mecklenburg-Vorpommern 1-Bayern 2"]
[Site "Templin"]
[Date "2017.09.30"]
[Round "6.1"]
[White "Urytskyy, Arkadiy"]
[Black "Dettmann, Gerd"]
[Result "1/2-1/2"]
[WhiteElo "2176"]
[BlackElo "2155"]
[PlyCount "116"]
[EventDate "2017.??.??"]
[WhiteTeam "Bayern 2"]
[BlackTeam "Mecklenburg-Vorpommern 1"]

1. Nf3 Nf6 2. g3 d5 3. c4 e6 4. Bg2 a6 5. b3 c5 6. cxd5 exd5 7. O-O Nc6 8. d4
Be7 9. dxc5 Bxc5 10. Bb2 O-O 11. Ba3 Qe7 12. Bxc5 Qxc5 13. Nbd2 Bg4 14. Qc1 Qb6
15. Qb2 Rfe8 16. h3 Bf5 17. Nh4 Be6 18. e3 Rad8 19. Rad1 d4 20. exd4 Rxd4 21.
Rde1 Red8 22. Ndf3 R4d6 23. Ne5 Rd2 24. Qb1 Nb4 25. Rd1 Qxf2+ 26. Rxf2 Rxd1+
27. Qxd1 Rxd1+ 28. Kh2 Nbd5 29. Bf3 Rc1 30. Bg2 b5 31. Nhf3 Ne3 32. Nd4 Nxg2
33. Nxe6 fxe6 34. Kxg2 Rc3 35. g4 Re3 36. Nc6 Nd5 37. Nb8 g5 38. Nxa6 Nf4+ 39.
Kf1 Rxh3 40. Rd2 Kf7 41. Nc5 Rh1+ 42. Kf2 Rh2+ 43. Ke1 Rxd2 44. Kxd2 b4 45. Ke3
Nd5+ 46. Kd4 Nf6 47. Nd3 Nxg4 48. Nxb4 h5 49. Ke4 h4 50. Kf3 Ne5+ 51. Kg2 g4
52. Nc2 Kf6 53. a4 Ke7 54. a5 Nc6 55. a6 Kd6 56. Ne3 g3 57. Kh3 Kc7 58. Kxh4
Kb6 1/2-1/2

[Event "Mecklenburg-Vorpommern 1-Bayern 2"]
[Site "Templin"]
[Date "2017.09.30"]
[Round "6.2"]
[White "Prüsse, Horst"]
[Black "Hanisch, Friedrich"]
[Result "1/2-1/2"]
[WhiteElo "2071"]
[BlackElo "2081"]
[PlyCount "109"]
[EventDate "2017.??.??"]
[WhiteTeam "Mecklenburg-Vorpommern 1"]
[BlackTeam "Bayern 2"]

1. e4 c6 2. d4 d5 3. e5 c5 4. dxc5 Nc6 5. Nf3 e6 6. Be3 f6 7. Bb5 Bd7 8. Bxc6
bxc6 9. Nbd2 Be7 10. O-O Qc7 11. Bf4 f5 12. Nb3 Qd8 13. Bd2 g6 14. Ne1 h5 15.
f4 Nh6 16. Nf3 Nf7 17. Qe1 Rg8 18. Ba5 Qc8 19. Qe2 Rb8 20. Nfd4 Kf8 21. Rfe1
Kg7 22. c4 Nd8 23. Rac1 Qa6 24. Rc3 Rc8 25. Qc2 Nb7 26. Bb4 Nd8 27. Ba3 Qa4 28.
Ree3 Qa6 29. Nd2 Nb7 30. b4 Nd8 31. Bb2 Kh6 32. a3 Qb7 33. Rb3 a6 34. cxd5 exd5
35. e6 Be8 36. Rg3 Rf8 37. N2f3 Bf6 38. Qe2 Qe7 39. Qxa6 Qc7 40. a4 Rb8 41. Qf1
Qc8 42. Qe2 Rb7 43. a5 Re7 44. Re3 Qb8 45. Bc3 Qxf4 46. a6 Qc7 47. Ne5 f4 48.
Rh3 fxe3 49. Ng4+ Kh7 50. Nb5 cxb5 51. Nxf6+ Rxf6 52. Bxf6 Rxe6 53. Rxe3 Rxe3
54. Qxe3 Bc6 55. Bc3 1/2-1/2

[Event "Mecklenburg-Vorpommern 1-Bayern 2"]
[Site "Templin"]
[Date "2017.09.30"]
[Round "6.3"]
[White "Müller, Lutz"]
[Black "Valet, Richard"]
[Result "0-1"]
[WhiteElo "2053"]
[BlackElo "2023"]
[PlyCount "90"]
[EventDate "2017.??.??"]
[WhiteTeam "Bayern 2"]
[BlackTeam "Mecklenburg-Vorpommern 1"]

1. d4 Nf6 2. Nf3 g6 3. c4 Bg7 4. Nc3 d6 5. e4 O-O 6. Be2 e5 7. O-O Nc6 8. d5
Ne7 9. Ne1 Nd7 10. Be3 f5 11. f3 f4 12. Bf2 g5 13. Rc1 h5 14. c5 Nxc5 15. b4
Na6 16. Nd3 Ng6 17. b5 Nc5 18. Nxc5 dxc5 19. Bxc5 Rf6 20. Qb3 Kh7 21. Rfd1 g4
22. d6 cxd6 23. Qa3 Bf8 24. b6 Nh4 25. Nb5 Rg6 26. Bf2 gxf3 27. Bxf3 Nxf3+ 28.
Qxf3 Bg4 29. Qb3 Bxd1 30. Qxd1 Qg5 31. Rc7+ Kh8 32. Qf3 axb6 33. Rc2 Ra5 34.
Rb2 Ra4 35. Kf1 Qg4 36. h3 Qxf3 37. gxf3 Rc4 38. Rb1 Rc2 39. a3 d5 40. exd5 Bc5
41. Bxc5 bxc5 42. Re1 Rg3 43. Rxe5 Rxf3+ 44. Kg1 Rg3+ 45. Kf1 Rxh3 0-1

[Event "Württemberg 2-Schleswig-Holstein 2"]
[Site "Templin"]
[Date "2017.09.30"]
[Round "6.1"]
[White "Kornrumpf, Joachim"]
[Black "Gabriel, Josef"]
[Result "1/2-1/2"]
[WhiteElo "2082"]
[BlackElo "2091"]
[PlyCount "77"]
[EventDate "2017.??.??"]
[WhiteTeam "Schleswig-Holstein 2"]
[BlackTeam "Württemberg 2"]

1. b3 e5 2. Bb2 Nc6 3. e3 Nf6 4. c4 Bb4 5. a3 Be7 6. d3 O-O 7. Nf3 d6 8. Be2
Re8 9. Nbd2 Bf8 10. Qc2 Bg4 11. O-O Qd7 12. Rfe1 Bh5 13. b4 Bg6 14. Rac1 a5 15.
Qb3 axb4 16. axb4 e4 17. Nh4 exd3 18. Nxg6 hxg6 19. Bxd3 d5 20. b5 Na5 21. Qc2
dxc4 22. Nxc4 Nd5 23. Red1 Nb4 24. Bxg6 Qxb5 25. Bh7+ Kh8 26. Qf5 Qxf5 27. Bxf5
Kg8 28. Nxa5 Rxa5 29. Bd7 Re7 30. Rxc7 Ra2 31. Bc3 Rc2 32. Bxb4 Rxc7 33. Bxe7
Bxe7 34. Kf1 g6 35. Bg4 Kg7 36. Rb1 Bc5 37. Bf3 b6 38. Bd5 Rd7 39. e4 1/2-1/2

[Event "Württemberg 2-Schleswig-Holstein 2"]
[Site "Templin"]
[Date "2017.09.30"]
[Round "6.2"]
[White "Wolf, Walter"]
[Black "Gehrmann, Rudolf-Rainer"]
[Result "1-0"]
[WhiteElo "2110"]
[BlackElo "2096"]
[PlyCount "31"]
[EventDate "2017.??.??"]
[WhiteTeam "Württemberg 2"]
[BlackTeam "Schleswig-Holstein 2"]

1. f4 d5 2. Nf3 Nf6 3. g3 g6 4. Bg2 Bg7 5. O-O O-O 6. d3 c5 7. Qe1 d4 8. e4
dxe3 9. Bxe3 Qc7 10. Nc3 a6 11. h3 b6 12. d4 cxd4 13. Bxd4 Bb7 14. Qe3 Nd5 15.
Nxd5 Bxd5 16. Bxg7 1-0

[Event "Württemberg 2-Schleswig-Holstein 2"]
[Site "Templin"]
[Date "2017.09.30"]
[Round "6.3"]
[White "Hahne, Hans-Jürgen"]
[Black "Schmid, Hartmut"]
[Result "0-1"]
[WhiteElo "2085"]
[BlackElo "2138"]
[PlyCount "79"]
[EventDate "2017.??.??"]
[WhiteTeam "Schleswig-Holstein 2"]
[BlackTeam "Württemberg 2"]

1. f4 d5 2. Nf3 g6 3. g3 Bg7 4. Bg2 e6 5. O-O Ne7 6. d3 c6 7. c3 O-O 8. Qc2 Nd7
9. e4 b6 10. Rd1 Bb7 11. Nbd2 Qc7 12. Nf1 Rad8 13. exd5 Nxd5 14. d4 c5 15. Be3
Nxe3 16. Nxe3 cxd4 17. Nxd4 e5 18. Nb5 Qc5 19. Bxb7 exf4 20. gxf4 Qxe3+ 21. Qf2
Qxf2+ 22. Kxf2 Nc5 23. Bd5 a6 24. Na7 Ne6 25. Nc6 Rd6 26. f5 Nd8 27. Ne7+ Kh8
28. Be4 Rf6 29. Kg3 gxf5 30. Nxf5 Ne6 31. Bc2 Rg6+ 32. Kf2 Be5 33. Ng3 Rh6 34.
Rh1 Rd8 35. Rad1 Bxg3+ 36. Kxg3 Rg8+ 37. Kf2 Rf6+ 38. Ke3 Nc5 39. Rdf1 Re6+ 40.
Kf3 0-1

[Event "Sachsen 2-Baden 2"]
[Site "Templin"]
[Date "2017.09.30"]
[Round "6.1"]
[White "Sandmeier, Toni"]
[Black "Bodach, Hans"]
[Result "1/2-1/2"]
[BlackElo "2183"]
[BlackTeam "Sachsen 2"]
[Board "1"]
[WhiteElo "2162"]
[WhiteTeam "Baden 2"]

1. c4 Nf6 2. g3 c5 3. Bg2 Nc6  4. Nc3 g6 5. Nf3 Bg7 6. d4 cxd4 7. Nxd4 O-O
 8. Nc2 d6 9. O-O  Be6 10. b3 Qd7 11. Re1 Rfd8 12. e4 Rac8 13. Bb2 Bh3
14. Bh1 h5 15. Ne3 Ne5  1/2-1/2

[Event "Sachsen 2-Baden 2"]
[Site "Templin"]
[Date "2017.09.30"]
[Round "6.2"]
[White "Selig, Rainer"]
[Black "Dekan, Hans"]
[Result "1/2-1/2"]
[BlackElo "2152"]
[BlackTeam "Baden 2"]
[Board "2"]
[WhiteElo "2096"]
[WhiteTeam "Sachsen 2"]

1. d4 d5 2. Nf3 Bf5 3. Nbd2 c6 4. e3 Nf6 5. c4 e6 6. Be2 Bd6 7. O-O  Nbd7 8.
h3 h5 9. b3 Ne4 10. Bb2 g5 11. Nxe4 dxe4 12. Ne5 Bxe5 13. dxe5 g4 14. g3 gxh3
15. Kh2 Qg5 16. Qd4 c5 17. Qd6 Bg4 18. Rad1 Rd8 19. f4 exf3 20. Bxf3 Rg8 21.
Bc1 Qxe5 22. Qxe5 Nxe5 23. Rxd8+ Kxd8 24. Bxb7 Kc7 25. Bb2 Kxb7 26. Bxe5 f5 27.
Bf6 Rg6 28. Be7 Kc6 29. Rf2 Rg7 30. Bf6 Rd7 31. Be5 Rd3 32. Bf4 a6 33. Rb2 Rd1
34. Rf2 Kd7 35. e4 fxe4 36. Rd2+ Rxd2+ 37. Bxd2 Kd6 38. Bf4+ e5 39. Be3 a5 40.
Bd2 a4 41. bxa4 Be6 42. a3 Bxc4 43. Kxh3 Kd5 44. Kg2 Kd4 45. Kf2 Kd3 46. Be3
Bb3 47. Bxc5 Bxa4 48. Bb6 Bd7 49. Ba7 Bg4 50. Bb6  1/2-1/2

[Event "Sachsen 2-Baden 2"]
[Site "Templin"]
[Date "2017.09.30"]
[Round "6.3"]
[White "Müller, Rudolf"]
[Black "Brauer, Christian"]
[Result "0-1"]
[BlackElo "2094"]
[BlackTeam "Sachsen 2"]
[Board "3"]
[WhiteElo "2076"]
[WhiteTeam "Baden 2"]

1. e4 e5 2. Nf3 Nf6 3. Nxe5 d6 4. Nf3 Nxe4 5. Nc3 Nxc3 6. dxc3 Be7 7. Be3 Be6 8.
Bd3 Nd7 9. Nd4 Nc5 10. Nxe6 Nxe6 11. Qh5 Qd7 12. O-O  g6 13. Qh6 a6 14. f4
f5 15. Rfe1 O-O-O 16. Qh3 d5 17. Kh1 Nc5 18. Bd4 Rhg8 19. Qxh7 Ne4 20. Bxe4
fxe4 21. Rad1 Qe6 22. Re3 Bd6 23. Rf1 c5 24. Be5 Bxe5 25. fxe5 Qxe5 26. Qh3+
Kc7 27. Rf7+ Kc6 28. Qh7 Rdf8 29. Rxf8 Rxf8 30. Qxg6+ Rf6 31. Rg3 Rxg6  0-1

[Event "Sachsen 2-Baden 2"]
[Site "Templin"]
[Date "2017.09.30"]
[Round "6.4"]
[White "Eichner, Christian"]
[Black "Fugmann, Bernd"]
[Result "1-0"]
[BlackElo "1971"]
[BlackTeam "Baden 2"]
[Board "4"]
[WhiteElo "2067"]
[WhiteTeam "Sachsen 2"]

1. e4 c5 2. Nf3 e6 3. c3 d5 4. exd5 exd5 5. d4 Nc6 6. Bb5 Bd6 7. O-O  Nf6 8.
Re1+ Be6 9. dxc5 Bxc5 10. Nd4 O-O  11. Be3 Nxd4 12. Bxd4 Bd6 13. Qd3 Rc8
14. Nd2 a6 15. Ba4 Bc7 16. Bc2 g6 17. Qf3 Nh5 18. Nf1 Qg5 19. Ng3 Bg4 20. Qe3
Bf4 21. Qe7 Nxg3 22. hxg3 Qxe7 23. Rxe7 Bg5 24. Re5 Bf6 25. Rxd5 Be6 26. Rd6
Be7 27. Rb6 Bd5 28. Ba4 Bd8 29. Rd6 Be6 30. Bb3 Bf5 31. Re1 Bc7 32. Rf6 Bd8 33.
Rxf7  1-0

[Event "Rheinland-Pfalz 2-Brandenburg 2"]
[Site "Templin"]
[Date "2017.09.30"]
[Round "6.1"]
[White "Urban, Hans-Rainer"]
[Black "Esswein, Karlheinz"]
[Result "1/2-1/2"]
[BlackElo "2092"]
[BlackTeam "Rheinland-Pfalz 2"]
[Board "1"]
[WhiteElo "2088"]
[WhiteTeam "Brandenburg 2"]

1. d4 Nf6 2. Nf3 e6 3. g3 b6 4. Bg2 Bb7 5. O-O  Be7 6. c4 O-O  7. Nc3 d5
8. cxd5 exd5 9. h3 c5 10. Bg5 Na6 11. Rc1 Nc7 12. Na4 Ne4 13. Be3 Ne6 14. Rc2
Rc8 15. Qc1 Qd7 16. Nc3 Bf6 17. Rd1 Nxc3 18. Rxc3 c4 19. h4 Rfe8 20. Kh2 b5 21.
Qb1 b4 22. Rcc1 Rc7 23. Bh3 Qd8 24. Qf5 Bc8 25. Qc2 Bd7 26. Qd2 a5 27. Ne5 Bc8
28. f4 Nf8 29. Bg2 g6 30. Bf2 Bg7 31. Bf3 h5 32. Bg2 Nh7 33. e4 dxe4 34. Nxc4
Rce7 35. Ne3 Nf6 36. Rc5 Ng4+ 37. Kg1 Nxe3 38. Bxe3 Bg4 39. Rdc1 Rd7 40. d5 Rd6
41. Bf1 Qa8 42. Bb5 Red8 43. Bc6 Qa6 44. Bb5 Qa8 45. Bc6 Qa6 46. Bb5  1/2-1/2

[Event "Rheinland-Pfalz 2-Brandenburg 2"]
[Site "Templin"]
[Date "2017.09.30"]
[Round "6.2"]
[White "Schwertel, Johann"]
[Black "Ellenberg, Ekkehard"]
[Result "1/2-1/2"]
[BlackElo "2057"]
[BlackTeam "Brandenburg 2"]
[Board "2"]
[WhiteElo "1930"]
[WhiteTeam "Rheinland-Pfalz 2"]

1. d4 Nf6 2. Nf3 e6 3. Bg5 Be7 4. e3 b6 5. Nbd2 Bb7 6. Bd3 d5 7. O-O  Nbd7
8. Qe2 c5 9. c3 O-O  10. Rac1 Ne4 11. Bf4 Ndf6 12. h3 Nxd2 13. Nxd2 a6 14.
Rfe1 Qd7 15. Nf3 Rfc8 16. Ne5 Qe8 17. Ng4 b5 18. Be5 Nxg4 19. Qxg4 Bf8 20. a3
Qe7 21. Qg3 c4 22. Bc2 a5 23. e4 g6 24. exd5 Bxd5 25. Be4 Rd8 26. Qf3 Rd7 27.
Bf6 Qd6 28. Be5 Qe7 29. Rc2 Qd8 30. Rce2 Raa7 31. Bf6 Qa8 32. Be5 Bg7 33. Bxd5
Rxd5 34. Bxg7 Kxg7 35. Re5 Rad7 36. R1e3 Qc6 37. Rxd5 Rxd5 38. Re5  1/2-1/2

[Event "Rheinland-Pfalz 2-Brandenburg 2"]
[Site "Templin"]
[Date "2017.09.30"]
[Round "6.3"]
[White "Zoll, Detlef"]
[Black "Schowalter, Gerd"]
[Result "1/2-1/2"]
[BlackElo "1946"]
[BlackTeam "Rheinland-Pfalz 2"]
[Board "3"]
[WhiteElo "1893"]
[WhiteTeam "Brandenburg 2"]

1. d4 d5 2. Nc3 e6 3. e4 dxe4  4. Nxe4 Nd7 5. Nf3 Ngf6 6. Bg5 Be7 7. Nxf6+
Nxf6 8. c3 h6 9. Bh4 O-O  10. Bd3 b6 11. Qe2 Bb7 12. O-O  Nh5  1/2-1/2

[Event "Rheinland-Pfalz 2-Brandenburg 2"]
[Site "Templin"]
[Date "2017.09.30"]
[Round "6.4"]
[White "Ranker, Klemens"]
[Black "Sawinsky, Ralf"]
[Result "1-0"]
[BlackElo "1956"]
[BlackTeam "Brandenburg 2"]
[Board "4"]
[WhiteElo "1835"]
[WhiteTeam "Rheinland-Pfalz 2"]

1. e4 c6 2. d4 d6 3. Nc3 Qc7 4. Nf3 e5 5. h3 Nf6 6. Bc4 b5 7. Bd3 Bb7 8. a3 Be7
9. O-O  O-O  10. Re1 Nbd7 11. Ne2 Nh5 12. c3 a6 13. g4 Nhf6 14. Ng3
Rfc8 15. Nf5 Nf8 16. g5 Ne8 17. h4 Ne6 18. Nh2 Bf8 19. Ng4 f6 20. gxf6 Nxf6 21.
Nxf6+ gxf6 22. Qg4+ Kh8 23. Kh1 Qf7 24. Rg1 Rc7 25. Be3 Bc8 26. Rg3 Ng7 27.
Rag1 Bxf5 28. exf5 Qh5 29. Qxh5  1-0